000
00265nam a2200109Ia 4500
008
200302s9999 xx 000 0 und d
100
_a
N. Bartony, & Other
245
_a
Architectural Engineering
260
_b
Mir Publishers Ltd.
260
_c
1989
300
_a
342 P.,
999
_c
2263
_d
2263